| 000 | 00417nam a2200121Ia 4500 | ||
|---|---|---|---|
| 008 | 250110s9999 xx 000 0 und d | ||
| 041 | _aeng | ||
| 100 |
_aGour Tania. _9208993 |
||
| 245 | _aAssessing Perfomance Of Walling Technologies After Incorporation Of Construction And Demolition Waste. | ||
| 260 |
_bBnca M Arch Environment Architecture., Pune _c2018 |
||
| 300 | _a57p | ||
| 700 | _aGuide Name: Kulkarni Prajakta | ||
| 999 |
_c364249 _d364249 |
||